00357pab a2200133 454500008004000000100001700040245007400057260000900131300001100140362001000151650001000161650003700171773001500208180718b2014 xxu||||| |||| 00| 0 eng d aSaran, Shyam aBRICS - End of western dominance of the global financial and economic c2014 ap.7-8. a2 Aug aBRICS aInternational economic relations aMainstream